Plant pathology
Saved in:
| Hovedforfatter: | |
|---|---|
| Format: | Bog |
| Sprog: | engelsk |
| Udgivet: |
San Diego
Academic Press
1988
|
| Udgivelse: | 3a. ed |
| Fag: | |
| Tags: |
Tilføj Tag
Ingen Tags, Vær først til at tagge denne postø!
|
MARC
| LEADER | 00000nam a2200000 a 4500 | ||
|---|---|---|---|
| 001 | UCY8762 | ||
| 003 | CL-VaPUC | ||
| 008 | 950707e19880000US |||||||||||||||||eng|d | ||
| 082 | 0 | 4 | |a 581.2 |b AGR |2 21 |
| 100 | 0 | |a Agrios, George N |e author |9 340451 | |
| 245 | 1 | 0 | |a Plant pathology |
| 250 | |a 3a. ed | ||
| 300 | |a 803 p | ||
| 942 | |c BK | ||
| 945 | |d 19950707 00:00:00 |a awong | ||
| 260 | |a San Diego |b Academic Press |c 1988 | ||
| 650 | 0 | |a Enfermedades de las plantas |9 259687 | |
| 650 | 7 | |a ENFERMEDADES FUNGOSAS |2 CL-VaPUC |9 340452 | |
| 650 | 0 | |a Agentes nocivos |9 340453 | |
| 650 | 7 | |a BACTERIOSIS |2 CL-VaPUC |9 340454 | |
| 650 | 0 | |a Virosis |9 340455 | |
| 650 | 0 | |a Fitopatología |9 340456 | |
| 583 | |a last modification |c 19950707 00:00:00 |k Rodrigo Vera | ||
| 999 | |c 235972 |d 235970 | ||